| 000 | 00000nam 2200000za 4500 |
| 001 | 9.698333 |
| 003 | CaOODSP |
| 005 | 20221107134524 |
| 007 | cr ||||||||||| |
| 008 | 150407s2005||||oncao||#o f000 0 eng d |
| 040 | |aCaOODSP|beng |
| 043 | |an-cn--- |
| 086 | 1 |aNM54-1/2005E-PDF |
| 100 | 1 |aKlingender, Franz. |
| 245 | 10|aCanadian dairying |h[electronic resource] / |c[Franz Klingender]. |
| 260 | |aOttawa : |bCanadian Agriculture Museum, |cc2005. |
| 300 | |a11 p. : |bill. (some col.) |
| 500 | |aCaption title. |
| 500 | |aIssued also in French under title: L'industrie laitière canadienne. |
| 505 | 0 |aAn agricultural tradition -- Time is money -- Buttefat -- Centrifugla separation -- Home delivery -- A mechanical dairymaid -- Pipelines and bulk trrucks -- The future: robots take over the milking? |
| 520 | 0 |a"The technology of dairy farming in Canada evolved over the past two centuries throughthree distinct though overlapping phases: domestic enterprise, farm mechanization, and technological integration"--p. 1. |
| 590 | |a13-19-Supp|b2013-08-14 |
| 690 | 07|aMuseums|2gcpds |
| 690 | 07|aTechnological innovation|2gcpds |
| 710 | 1 |aCanada.|bCanada Agriculture Museum. |
| 775 | 08|tL'industrie laitière canadienne |w(CaOODSP)9.642345 |
| 856 | 40|ahttp://publications.gc.ca|qPDF|s1255 KB|uhttps://publications.gc.ca/collections/collection_2013/mstc-cstm/NM54-1-2005-eng.pdf |